[Event "Herforder SV KS 1 - SG Solingen 3"]
[Site "NRW-Klasse, Gruppe 2 2012/201"]
[Date "2013.04.07"]
[Round "8.8"]
[White "Heuermann, Heinz-Burkhard"]
[Black "Goerke, Joachim"]
[Result "1-0"]
[WhiteElo "1968"]
[BlackElo "2017"]
[PlyCount "91"]
[EventDate "2013.??.??"]
[WhiteTeam "Herforder SV KS 1"]
[BlackTeam "SG Solingen 3"]

1. Nf3 d5 2. d3 c5 3. g3 Nc6 4. Bg2 Nf6 5. O-O e6 6. Nbd2 Be7 7. c3 O-O 8. e4
Qc7 9. Re1 Rd8 10. e5 Nd7 11. d4 cxd4 12. cxd4 b5 13. a3 a5 14. b3 Ba6 15. Bb2
b4 16. a4 Bd3 17. Bf1 Bg6 18. Rc1 Qb6 19. Qe2 Rac8 20. Qe3 Nf8 21. Bd3 Rd7 22.
Bxg6 Nxg6 23. Qd3 Qd8 24. Rc2 Rdc7 25. Rec1 h5 26. h4 Nf8 27. Nf1 Nb8 28. Ne3
Rxc2 29. Rxc2 Rc6 30. Rxc6 Nxc6 31. Qa6 Qc7 32. Ne1 Nd7 33. N1g2 Bf8 34. Nf4 g6
35. Nexd5 exd5 36. Nxd5 Qd8 37. Qxc6 Nb8 38. Nf6+ Kg7 39. Qb7 Be7 40. Nd5 Nd7
41. Nxe7 Qxe7 42. d5 Kh7 43. Bd4 Qe8 44. Qc6 Qe7 45. e6 fxe6 46. Qxe6 1-0

[Event "SF Neuenkirchen 1 - Herforder SV KS 1"]
[Site "NRW-Klasse, Gruppe 2 2012/201"]
[Date "2013.04.28"]
[Round "9.1"]
[White "Nordsieck, Thomas"]
[Black "Muschik, Benedikt"]
[Result "0-1"]
[WhiteElo "2245"]
[BlackElo "2272"]
[PlyCount "114"]
[EventDate "2013.??.??"]
[WhiteTeam "Herforder SV KS 1"]
[BlackTeam "SF Neuenkirchen 1"]

1. e4 g6 2. d4 Bg7 3. Nc3 d6 4. Be3 Nd7 5. Qd2 a6 6. Nf3 b5 7. a3 Bb7 8. Bd3 c5
9. O-O cxd4 10. Nxd4 Ngf6 11. Bh6 O-O 12. Bxg7 Kxg7 13. Qg5 e6 14. Kh1 Qb6 15.
Nde2 Qc5 16. Qg3 Rad8 17. Rad1 Ne5 18. f4 Nc4 19. b4 Qb6 20. Bxc4 bxc4 21. e5
Nh5 22. Qf2 Qxf2 23. Rxf2 dxe5 24. fxe5 Rxd1+ 25. Nxd1 Rd8 26. Nec3 g5 27. Ne3
Rd4 28. Kg1 Nf4 29. Na4 Re4 30. Nc5 Rxe3 31. Nxb7 Re1+ 32. Rf1 Rxe5 33. Nd6 c3
34. Ne8+ Kg6 35. Nc7 Ne2+ 36. Kf2 Nd4 37. Rd1 Nxc2 38. Rc1 Nxa3 39. Rxc3 Nb5
40. Rc6 Nxc7 41. Rxc7 Rb5 42. Ra7 Rxb4 43. Rxa6 h5 44. Ra5 Rb2+ 45. Kf3 h4 46.
Ra6 Rb3+ 47. Kf2 g4 48. Ra4 Rb2+ 49. Kf1 f5 50. h3 gxh3 51. gxh3 Kg5 52. Ra6 e5
53. Ra8 e4 54. Rg8+ Kf4 55. Rf8 e3 56. Rf7 Ke4 57. Re7+ Kf3 0-1

[Event "SF Neuenkirchen 1 - Herforder SV KS 1"]
[Site "NRW-Klasse, Gruppe 2 2012/201"]
[Date "2013.04.28"]
[Round "9.2"]
[White "Rieke, Theo"]
[Black "Pieper-Emden, Carsten"]
[Result "1/2-1/2"]
[WhiteElo "1989"]
[BlackElo "2177"]
[PlyCount "20"]
[EventDate "2013.??.??"]
[WhiteTeam "SF Neuenkirchen 1"]
[BlackTeam "Herforder SV KS 1"]

1. g3 d5 2. Bg2 Nf6 3. d3 c6 4. Nf3 h6 5. O-O Bf5 6. c4 e6 7. Qb3 Qb6 8. Be3
Qxb3 9. axb3 a6 10. Nc3 Nbd7 1/2-1/2

[Event "SF Neuenkirchen 1 - Herforder SV KS 1"]
[Site "NRW-Klasse, Gruppe 2 2012/201"]
[Date "2013.04.28"]
[Round "9.3"]
[White "Wolf, Andre"]
[Black "Haves, Reinhard"]
[Result "0-1"]
[WhiteElo "2136"]
[BlackElo "2174"]
[PlyCount "38"]
[EventDate "2013.??.??"]
[WhiteTeam "Herforder SV KS 1"]
[BlackTeam "SF Neuenkirchen 1"]

1. e4 g6 2. d4 Bg7 3. Nc3 d6 4. f4 Nf6 5. Nf3 O-O 6. Be3 Na6 7. e5 Ng4 8. Bg1
c5 9. h3 cxd4 10. Bxd4 dxe5 11. fxe5 Nh6 12. g4 Nb4 13. Qd2 Nxg4 14. a3 Nc6 15.
hxg4 Bxg4 16. Qh2 h5 17. O-O-O Bxf3 18. Be3 Bxd1 19. Nxd1 Qd5 0-1

[Event "SF Neuenkirchen 1 - Herforder SV KS 1"]
[Site "NRW-Klasse, Gruppe 2 2012/201"]
[Date "2013.04.28"]
[Round "9.4"]
[White "Wilde, Pierre"]
[Black "Loemker, Michael"]
[Result "1-0"]
[WhiteElo "2253"]
[BlackElo "2071"]
[PlyCount "83"]
[EventDate "2013.??.??"]
[WhiteTeam "SF Neuenkirchen 1"]
[BlackTeam "Herforder SV KS 1"]

1. c4 g6 2. g3 Bg7 3. Bg2 d6 4. Nc3 Nc6 5. e4 e5 6. Nge2 Nf6 7. d3 O-O 8. O-O
Nd4 9. Nxd4 exd4 10. Ne2 Nd7 11. Rb1 a5 12. b3 Rb8 13. Bb2 c5 14. Bc1 b5 15.
Bd2 Ne5 16. Qc2 Bd7 17. h3 Nc6 18. a3 Kh8 19. Nf4 Ne7 20. Rfe1 Qc7 21. cxb5
Bxb5 22. b4 axb4 23. axb4 c4 24. dxc4 Qxc4 25. Qxc4 Bxc4 26. Rec1 Rfc8 27. Bf1
d5 28. exd5 Bxd5 29. Rxc8+ Rxc8 30. Re1 Be6 31. Nxe6 fxe6 32. Rxe6 Nd5 33. b5
Bf8 34. Bg2 Rc2 35. Bg5 Nc3 36. b6 Kg7 37. Rc6 Rb2 38. Rc7+ Kg8 39. b7 Bd6 40.
Rd7 Be5 41. Bf1 h6 42. Bf4 1-0

[Event "SF Neuenkirchen 1 - Herforder SV KS 1"]
[Site "NRW-Klasse, Gruppe 2 2012/201"]
[Date "2013.04.28"]
[Round "9.5"]
[White "Hanisch, Bernd"]
[Black "Buendgen, Achim"]
[Result "0-1"]
[WhiteElo "2001"]
[BlackElo "2196"]
[PlyCount "76"]
[EventDate "2013.??.??"]
[WhiteTeam "Herforder SV KS 1"]
[BlackTeam "SF Neuenkirchen 1"]

1. c4 c5 2. Nf3 g6 3. d4 cxd4 4. Nxd4 Bg7 5. Nc3 Nc6 6. Nc2 Bxc3+ 7. bxc3 Qa5
8. Ne3 Nf6 9. g3 Ne4 10. Bd2 d6 11. Bg2 Nc5 12. O-O Be6 13. Rb1 O-O 14. Qc2
Rab8 15. Rb5 Qc7 16. Nd5 Bxd5 17. cxd5 Ne5 18. Bh3 f6 19. Bh6 Rfe8 20. Be3 Nc4
21. Bc1 a6 22. Rxc5 Qxc5 23. Be6+ Kg7 24. Rd1 b5 25. Qe4 Ne5 26. Qh4 h5 27. Be3
Qc4 28. Qxc4 Nxc4 29. Bd4 Rb7 30. h3 Rc7 31. Kg2 Na3 32. Rd3 Nc2 33. Rd2 Nxd4
34. cxd4 Rb8 35. e3 a5 36. h4 b4 37. g4 hxg4 38. Kg3 a4 0-1

[Event "SF Neuenkirchen 1 - Herforder SV KS 1"]
[Site "NRW-Klasse, Gruppe 2 2012/201"]
[Date "2013.04.28"]
[Round "9.6"]
[White "Seegers, Hendrik"]
[Black "Heuermann, Heinz-Burkhard"]
[Result "1-0"]
[WhiteElo "2178"]
[BlackElo "1996"]
[PlyCount "83"]
[EventDate "2013.??.??"]
[WhiteTeam "SF Neuenkirchen 1"]
[BlackTeam "Herforder SV KS 1"]

1. d4 Nf6 2. Nf3 d5 3. Bf4 e6 4. e3 c5 5. c3 Nc6 6. Nbd2 Bd6 7. Bg3 cxd4 8.
exd4 a6 9. Bd3 Qc7 10. Qe2 b5 11. a3 Nd7 12. O-O O-O 13. Rfe1 Bxg3 14. hxg3 Re8
15. Ne5 Ncxe5 16. dxe5 Bb7 17. a4 Bc6 18. a5 Nc5 19. b4 Nd7 20. f4 Rac8 21. Nf3
Ba8 22. Rac1 Qa7+ 23. Kh2 Rc7 24. Bb1 Rec8 25. Qd3 g6 26. g4 Rc4 27. Nd4 Qc7
28. Ne2 Qd8 29. Qh3 Nb8 30. Rh1 Qf8 31. Bd3 R4c7 32. f5 exf5 33. gxf5 Nc6 34.
Kg1 Qg7 35. f6 Qh8 36. e6 Ne5 37. Bb1 Re8 38. e7 Nd7 39. Rf1 Bb7 40. Bxg6 h6
41. Qh5 Ne5 42. Bxf7+ 1-0

[Event "SF Neuenkirchen 1 - Herforder SV KS 1"]
[Site "NRW-Klasse, Gruppe 2 2012/201"]
[Date "2013.04.28"]
[Round "9.7"]
[White "Schmitz, Thorsten"]
[Black "Winnemoeller, Bernd"]
[Result "0-1"]
[WhiteElo "2039"]
[BlackElo "1975"]
[PlyCount "66"]
[EventDate "2013.??.??"]
[WhiteTeam "Herforder SV KS 1"]
[BlackTeam "SF Neuenkirchen 1"]

1. e4 e5 2. Nf3 Nc6 3. Bb5 Nf6 4. O-O d6 5. Re1 Be7 6. h3 O-O 7. c3 a6 8. Ba4
b5 9. Bb3 Na5 10. Bc2 c5 11. d4 cxd4 12. cxd4 Bb7 13. b3 d5 14. Nxe5 Nxe4 15.
Bb2 f6 16. Nd3 f5 17. Nd2 Bd6 18. Nf3 Nc6 19. Nfe5 Qh4 20. Qf3 Rac8 21. Rac1
Nb4 22. Nxb4 Bxb4 23. Red1 Bd2 24. Bxe4 fxe4 25. Rxc8 exf3 26. Rxf8+ Kxf8 27.
Nxf3 Qe4 28. Rxd2 b4 29. a3 a5 30. axb4 axb4 31. Kh2 Ba6 32. Kg3 h6 33. Ne5 g5
0-1

[Event "SF Neuenkirchen 1 - Herforder SV KS 1"]
[Site "NRW-Klasse, Gruppe 2 2012/201"]
[Date "2013.04.28"]
[Round "9.8"]
[White "Hachmeister, Dirk"]
[Black "Friesen, Viktor"]
[Result "0-1"]
[WhiteElo "2180"]
[BlackElo "2077"]
[Annotator "Doe,John"]
[PlyCount "82"]
[EventDate "2013.??.??"]
[WhiteTeam "SF Neuenkirchen 1"]
[BlackTeam "Herforder SV KS 1"]

1. Nf3 d5 2. g3 Nf6 3. Bg2 g6 4. O-O Bg7 5. c3 O-O 6. d3 c5 7. Nbd2 Nc6 8. e4
dxe4 9. dxe4 e5 10. Qe2 b6 11. Re1 a5 12. Nc4 Ba6 13. a4 Qc7 $11 14. Nfd2 Rad8
15. Qf3 Rd7 16. Bh3 Rdd8 17. Bf1 Bc8 18. Ne3 Be6 19. Bc4 h6 20. Ndf1 Qd7 21.
Bb5 Qb7 22. Nc4 Nh7 23. h4 Na7 24. Nfe3 Nxb5 25. axb5 f5 26. Qg2 fxe4 27. Nd2
Nf6 28. Ra4 Qd7 29. Qf1 c4 30. Ndxc4 Qxb5 31. Ra1 Ng4 32. Nxg4 Bxg4 33. Be3 Rd3
34. Nxb6 Qxb2 35. Na4 Qb8 36. Nc5 Qa8 37. Qg2 Rxc3 38. Qxe4 Qc8 39. Qd5+ Kh7
40. Rac1 Bf3 41. Qe6 Rxc5 0-1

[Event "SG Solingen 3 - SK Münster 1"]
[Site "NRW-Klasse, Gruppe 2 2012/201"]
[Date "2013.04.28"]
[Round "9.1"]
[White "Cuijpers, Frans Andre"]
[Black "Gupta, Milon"]
[Result "1/2-1/2"]
[WhiteElo "2416"]
[BlackElo "2230"]
[PlyCount "100"]
[EventDate "2013.??.??"]
[WhiteTeam "SK Münster 1"]
[BlackTeam "SG Solingen 3"]

1. e4 e5 2. Nf3 Nc6 3. Bb5 a6 4. Ba4 Nf6 5. O-O Be7 6. Re1 b5 7. Bb3 d6 8. c3
O-O 9. h3 Nb8 10. d4 Nbd7 11. Nbd2 Bb7 12. Bc2 Re8 13. Nf1 Bf8 14. Ng3 g6 15.
Bd2 c5 16. d5 c4 17. Qc1 Nc5 18. b4 cxb3 19. axb3 Qc7 20. Bh6 Ncd7 21. Bxf8
Rxf8 22. Re3 Rac8 23. Qa3 Qc5 24. b4 Qc7 25. Nd2 Nb6 26. Qc1 Qd8 27. Nb3 Nc4
28. Rf3 Kg7 29. Bd3 Ng8 30. Bxc4 bxc4 31. Na5 Ba8 32. Nf1 f5 33. Ne3 Nf6 34.
Nexc4 fxe4 35. Rxf6 Rxf6 36. Qd2 Qc7 37. Re1 Rcf8 38. Re2 Qa7 39. Qe3 Qxe3 40.
Nxe3 Rb8 41. Nac4 Rb5 42. Nd2 Bxd5 43. c4 Bxc4 44. Ndxc4 Rxb4 45. Rd2 Re6 46.
g4 Kf8 47. Kg2 Kg7 48. g5 h5 49. Rd5 Rb5 50. Rd2 Rb4 1/2-1/2

[Event "SG Solingen 3 - SK Münster 1"]
[Site "NRW-Klasse, Gruppe 2 2012/201"]
[Date "2013.04.28"]
[Round "9.2"]
[White "Hubert, Ralf"]
[Black "Van Der Weide, Karel"]
[Result "1/2-1/2"]
[WhiteElo "2252"]
[BlackElo "2379"]
[PlyCount "72"]
[EventDate "2013.??.??"]
[WhiteTeam "SG Solingen 3"]
[BlackTeam "SK Münster 1"]

1. d4 Nf6 2. Bg5 b6 3. Bxf6 gxf6 4. e3 Bb7 5. Qh5 e6 6. Nd2 f5 7. Nh3 Qf6 8.
Nf4 Nc6 9. O-O-O O-O-O 10. Rg1 Rg8 11. Bc4 Kb8 12. g3 Na5 13. Be2 c5 14. dxc5
Bxc5 15. Nb3 Nxb3+ 16. axb3 d5 17. c3 e5 18. Nd3 Bd6 19. f4 e4 20. Ne1 b5 21.
Nc2 b4 22. Nxb4 Bxb4 23. cxb4 d4 24. Rxd4 Rxd4 25. exd4 Qxd4 26. Rd1 Qe3+ 27.
Kb1 Qxb3 28. Qxf5 Rc8 29. Qe5+ Ka8 30. Rc1 Rxc1+ 31. Kxc1 Qe3+ 32. Kb1 a6 33.
Bc4 Qe1+ 34. Kc2 e3 35. Qh8+ Ka7 36. Qd4+ Kb8 1/2-1/2

[Event "SG Solingen 3 - SK Münster 1"]
[Site "NRW-Klasse, Gruppe 2 2012/201"]
[Date "2013.04.28"]
[Round "9.3"]
[White "Molinaroli, Martin"]
[Black "Fichtner, Ewald"]
[Result "1-0"]
[WhiteElo "2278"]
[BlackElo "1995"]
[PlyCount "93"]
[EventDate "2013.??.??"]
[WhiteTeam "SK Münster 1"]
[BlackTeam "SG Solingen 3"]

1. b3 d5 2. Bb2 Nf6 3. Nf3 c6 4. e3 Bf5 5. c4 e6 6. Nc3 Bd6 7. d4 Nbd7 8. Bd3
Bg6 9. O-O O-O 10. Bxg6 hxg6 11. Qe2 a5 12. e4 dxe4 13. Nxe4 Nxe4 14. Qxe4 Nf6
15. Qe2 a4 16. Bc3 Qe7 17. Ne5 Bb4 18. Qe1 Bxc3 19. Qxc3 Rfd8 20. b4 Qd6 21.
Rfd1 b5 22. a3 Rac8 23. Rac1 Nd7 24. Nf3 Qb8 25. g3 Nb6 26. Ne5 Nd7 27. Nxd7
Rxd7 28. cxb5 Qxb5 29. Qc5 Rcd8 30. Qxc6 Qe2 31. Qxa4 e5 32. d5 e4 33. Qc2 Qf3
34. Qc3 Qg4 35. Kg2 f5 36. Qe3 Kh7 37. h3 Qh5 38. d6 Rxd6 39. Rxd6 Rxd6 40. Rc3
Qd1 41. Qf4 Rd8 42. Rc1 Qd5 43. Rc5 Qd1 44. g4 e3 45. gxf5 e2 46. fxg6+ Kxg6
47. Qf5+ 1-0

[Event "SG Solingen 3 - SK Münster 1"]
[Site "NRW-Klasse, Gruppe 2 2012/201"]
[Date "2013.04.28"]
[Round "9.4"]
[White "Peschel, Andreas"]
[Black "Wolter, Kai"]
[Result "1/2-1/2"]
[WhiteElo "2119"]
[BlackElo "2250"]
[PlyCount "110"]
[EventDate "2013.??.??"]
[WhiteTeam "SG Solingen 3"]
[BlackTeam "SK Münster 1"]

1. d4 Nf6 2. Nf3 g6 3. c4 Bg7 4. Nc3 O-O 5. g3 d6 6. Bg2 Nc6 7. d5 Na5 8. Nd2
c5 9. O-O a6 10. a3 Qc7 11. Qc2 Rb8 12. Rb1 e6 13. Nce4 Nxe4 14. Nxe4 b5 15.
cxb5 exd5 16. Nc3 Bf5 17. e4 dxe4 18. Bxe4 Bxe4 19. Nxe4 axb5 20. Rd1 Rbd8 21.
b4 Nc4 22. bxc5 dxc5 23. Rxd8 Rxd8 24. Rxb5 Ne5 25. Kf1 Qd7 26. Rxc5 Qh3+ 27.
Ke2 Qg4+ 28. Kf1 Rd1+ 29. Kg2 Rxc1 30. Qxc1 Qxe4+ 31. Kf1 Qh1+ 32. Ke2 Qf3+ 33.
Kf1 Nd3 34. Rc8+ Bf8 35. Qd2 Qh1+ 36. Ke2 Qe4+ 37. Kf1 Qf5 38. Rb8 Nc5 39. Kg2
Ne6 40. h4 h5 41. Qe3 Kg7 42. Qc3+ Kh7 43. Rb7 Qe4+ 44. Qf3 Qxf3+ 45. Kxf3 Bxa3
46. Rxf7+ Ng7 47. Ke4 Bb2 48. f3 Kg8 49. Rb7 Bf6 50. Rb8+ Kf7 51. Rb7+ Be7 52.
Rb5 Ne8 53. Ra5 Nd6+ 54. Kf4 Bf6 55. g4 hxg4 1/2-1/2

[Event "SG Solingen 3 - SK Münster 1"]
[Site "NRW-Klasse, Gruppe 2 2012/201"]
[Date "2013.04.28"]
[Round "9.5"]
[White "Bolwerk, Peter"]
[Black "Auer, Martin"]
[Result "1-0"]
[WhiteElo "2186"]
[BlackElo "2185"]
[PlyCount "69"]
[EventDate "2013.??.??"]
[WhiteTeam "SK Münster 1"]
[BlackTeam "SG Solingen 3"]

1. e4 d6 2. d4 g6 3. Nc3 Bg7 4. Be3 a6 5. Qd2 Nd7 6. Nf3 b5 7. Bd3 Bb7 8. a3
Rc8 9. O-O c5 10. Rfe1 cxd4 11. Bxd4 Ngf6 12. Nd5 e5 13. Nxf6+ Bxf6 14. Be3 Nc5
15. Bh6 Rg8 16. h4 Bxh4 17. Nxh4 Qxh4 18. Bg5 Qg4 19. f3 Qe6 20. Bf1 f6 21. Be3
Ke7 22. b3 g5 23. a4 g4 24. Bxc5 Rxc5 25. axb5 gxf3 26. bxa6 Ba8 27. b4 Rcc8
28. Ra3 Qg4 29. Rae3 fxg2 30. Bxg2 f5 31. Kh1 Rg6 32. Rh3 Bxe4 33. Rxh7+ Ke6
34. Rxe4 fxe4 35. Bh3 1-0

[Event "SG Solingen 3 - SK Münster 1"]
[Site "NRW-Klasse, Gruppe 2 2012/201"]
[Date "2013.04.28"]
[Round "9.6"]
[White "Schockenbaeumer, Dirk"]
[Black "Korth, Daniel"]
[Result "0-1"]
[WhiteElo "2058"]
[BlackElo "2147"]
[PlyCount "82"]
[EventDate "2013.??.??"]
[WhiteTeam "SG Solingen 3"]
[BlackTeam "SK Münster 1"]

1. e4 e5 2. Nf3 Nc6 3. Bb5 a6 4. Ba4 Nf6 5. O-O Be7 6. Re1 b5 7. Bb3 d6 8. c3
O-O 9. h3 Na5 10. Bc2 c5 11. d4 Qc7 12. Nbd2 Bd7 13. Nf1 cxd4 14. cxd4 Rac8 15.
Bb1 Nc6 16. d5 Nb4 17. Ne3 a5 18. Nh2 g6 19. Bd2 Na6 20. Nhg4 Nxg4 21. hxg4 Qd8
22. g3 Bg5 23. Kg2 b4 24. a3 bxa3 25. Rxa3 Nb4 26. f3 h6 27. Nc2 Nxc2 28. Bxc2
Qb6 29. Bc3 Ra8 30. Ba4 Bxa4 31. Qxa4 Rfc8 32. Rb3 Qa6 33. Rb5 Bd8 34. f4 f6
35. f5 Qa7 36. Rb7 Qxb7 37. Qe8+ Kg7 38. Qxg6+ Kf8 39. Bd2 Rc2 40. Re2 Rxd2 41.
Rxd2 Qg7 0-1

[Event "SG Solingen 3 - SK Münster 1"]
[Site "NRW-Klasse, Gruppe 2 2012/201"]
[Date "2013.04.28"]
[Round "9.7"]
[White "Kamp, Christoph"]
[Black "Erkay, Ali-Necip"]
[Result "1/2-1/2"]
[WhiteElo "2155"]
[BlackElo "1899"]
[PlyCount "84"]
[EventDate "2013.??.??"]
[WhiteTeam "SK Münster 1"]
[BlackTeam "SG Solingen 3"]

1. c4 Nf6 2. Nc3 e6 3. e4 d5 4. e5 d4 5. exf6 dxc3 6. bxc3 Qxf6 7. Nf3 e5 8.
Bd3 Bd6 9. O-O O-O 10. Rb1 Nd7 11. Bc2 c5 12. Re1 Qd8 13. d4 cxd4 14. cxd4 exd4
15. Qxd4 Bc5 16. Qd5 Qc7 17. Bb2 Nb6 18. Qh5 f5 19. Qh4 Qf7 20. Re5 Bd6 21. c5
Bxe5 22. Nxe5 Qf6 23. Bb3+ Be6 24. Qxf6 Rxf6 25. cxb6 Bxb3 26. axb3 Rxb6 27.
Bd4 Rb4 28. Bc3 Re4 29. f3 Re2 30. Rb2 Rxb2 31. Bxb2 Rc8 32. Nc4 b5 33. Nd6 Rc5
34. f4 a5 35. Bd4 Rd5 36. Be5 g6 37. h3 a4 38. bxa4 bxa4 39. Nc4 Rc5 40. Na3
Rd5 41. Nc4 Rd3 42. Nb2 Ra3 1/2-1/2

[Event "SG Solingen 3 - SK Münster 1"]
[Site "NRW-Klasse, Gruppe 2 2012/201"]
[Date "2013.04.28"]
[Round "9.8"]
[White "Zolfagharian, Kevin"]
[Black "Chilla, Jan Eric"]
[Result "1-0"]
[WhiteElo "1971"]
[BlackElo "2148"]
[PlyCount "79"]
[EventDate "2013.??.??"]
[WhiteTeam "SG Solingen 3"]
[BlackTeam "SK Münster 1"]

1. e4 e5 2. Nf3 Nc6 3. Bc4 Bc5 4. c3 Nf6 5. d4 exd4 6. e5 d5 7. Bb5 Ne4 8. cxd4
Bb6 9. O-O O-O 10. Bxc6 bxc6 11. Nc3 Bg4 12. Qd3 Bxf3 13. gxf3 Ng5 14. f4 Ne6
15. Ne2 f5 16. b4 a5 17. Ba3 Rf7 18. Rac1 axb4 19. Bxb4 Rxa2 20. Rxc6 Qd7 21.
Rfc1 h6 22. R6c2 Ra4 23. Qd2 g5 24. Kh1 Rg7 25. Rb1 Qe8 26. fxg5 Qh5 27. Rc3
hxg5 28. Ng3 Qf7 29. Qc2 Ra8 30. Nxf5 Rh7 31. Ne7+ Kh8 32. Qf5 Bxd4 33. Rc6 Nf4
34. Qxg5 Rh5 35. Qxf4 Qxf4 36. Ng6+ Kg7 37. Nxf4 Rh4 38. Rg1+ Kh7 39. Rxc7+ Kh8
40. Ng6+ 1-0

[Event "SF Gerresheim 1 - SK KS Iserlohn 1"]
[Site "NRW-Klasse, Gruppe 2 2012/201"]
[Date "2013.04.28"]
[Round "9.1"]
[White "Scheider, Julian"]
[Black "Savchenko, Viacheslav"]
[Result "1/2-1/2"]
[WhiteElo "2335"]
[BlackElo "2335"]
[Annotator "Doe,John"]
[PlyCount "119"]
[EventDate "2013.??.??"]
[WhiteTeam "SK KS Iserlohn 1"]
[BlackTeam "SF Gerresheim 1"]

1. e4 e5 2. Nf3 Nf6 3. Nxe5 d6 4. Nf3 Nxe4 5. Nc3 Nf6 6. d4 Be7 7. h3 O-O 8.
Bd3 b6 9. O-O Bb7 10. Re1 Re8 11. Ne4 Nbd7 12. Bd2 h6 13. Ng3 Bf8 14. c3 Rxe1+
15. Nxe1 Qe7 16. Nc2 Re8 17. Qf1 Qd8 18. Re1 Rxe1 19. Qxe1 Qa8 20. f3 g6 21.
Ne3 Qe8 22. Ng4 Qxe1+ 23. Bxe1 Nd5 24. Bb5 c6 25. Bc4 h5 26. Nf2 Ne3 27. Bd3 b5
28. Bd2 Nc4 29. Bc1 d5 30. Ne2 Bd6 31. g4 Nf6 32. b3 Nb6 33. Bf4 Be7 34. Bc2 b4
35. cxb4 Bxb4 36. Nd3 Be7 37. Nc5 Bc8 38. Bb8 a6 39. Bc7 Nbd7 40. b4 Ne8 41.
Bf4 hxg4 42. hxg4 Nd6 $11 43. Bd3 Nc4 44. Nxd7 Bxd7 45. Bxc4 dxc4 46. a3 g5 47.
Bc7 f5 48. gxf5 Bxf5 49. Kf2 Kf7 50. Ke3 Ke6 51. Nc3 $11 Bf6 52. Bg3 Bd8 53.
Ne4 a5 54. bxa5 Bxa5 55. Nxg5+ Kd5 56. Ne4 Bc8 57. Nf6+ Ke6 58. Ne4 Kd5 59.
Nf6+ Ke6 60. Ne4 1/2-1/2

[Event "SF Gerresheim 1 - SK KS Iserlohn 1"]
[Site "NRW-Klasse, Gruppe 2 2012/201"]
[Date "2013.04.28"]
[Round "9.2"]
[White "Dresen, Ulrich"]
[Black "Messarius, Juergen"]
[Result "1-0"]
[WhiteElo "2188"]
[BlackElo "2197"]
[Annotator "Doe,John"]
[PlyCount "71"]
[EventDate "2013.??.??"]
[WhiteTeam "SF Gerresheim 1"]
[BlackTeam "SK KS Iserlohn 1"]

1. d4 f5 2. Nc3 Nf6 3. Bg5 e6 4. e4 fxe4 5. Nxe4 Be7 6. Bxf6 Bxf6 7. Nf3 Qe7 8.
Qd2 d6 9. O-O-O Nd7 10. Bd3 Nf8 11. Qa5 d5 12. Nxf6+ gxf6 13. Rhe1 Qd6 14. c4
b6 15. Qc3 c6 16. g3 Bd7 17. Nh4 dxc4 18. Nf5 Qd5 19. Be4 Qa5 20. Qxc4 Kd8 21.
Ne3 Rc8 $11 22. Kb1 Ng6 23. f4 Ne7 24. Qc2 Nd5 25. Nc4 Qb4 26. a3 Qe7 27. f5
Re8 28. Qf2 b5 29. Na5 Rb8 30. Bxd5 b4 31. Rxe6 Qf8 32. Qf4 Rb5 33. Nxc6+ Bxc6
34. Rxc6 Qe7 35. Be6 Qf8 36. Qc7# 1-0

[Event "SF Gerresheim 1 - SK KS Iserlohn 1"]
[Site "NRW-Klasse, Gruppe 2 2012/201"]
[Date "2013.04.28"]
[Round "9.3"]
[White "Schmuecker, Marcus"]
[Black "Lemanczyk, Thomas"]
[Result "1/2-1/2"]
[WhiteElo "2206"]
[BlackElo "2182"]
[Annotator "Doe,John"]
[PlyCount "147"]
[EventDate "2013.??.??"]
[WhiteTeam "SK KS Iserlohn 1"]
[BlackTeam "SF Gerresheim 1"]

1. Nf3 Nf6 2. c4 e6 3. g3 a6 4. Bg2 b5 5. b3 Bb7 6. O-O c5 7. Nc3 b4 8. Na4 Be7
9. Bb2 Qc7 10. Rc1 d6 11. d4 Nbd7 12. Qd2 O-O 13. Ne1 Bxg2 14. Kxg2 Qb7+ 15. f3
Rfd8 16. e4 cxd4 17. Qxd4 Ne8 18. Qd2 a5 19. Nc2 Nc5 20. Nxc5 dxc5 21. Qe2 Rd7
22. Rcd1 Rad8 $11 23. Ne3 a4 24. Rxd7 Rxd7 25. Rd1 Bg5 26. Rxd7 Qxd7 27. Qd1
Qxd1 28. Nxd1 axb3 29. axb3 Nd6 30. Be5 Nb7 31. Bc7 Kf8 32. f4 Be7 33. Nf2 Ke8
34. Nd3 f6 35. e5 Kd7 36. Bb8 Na5 37. Nc1 Nc6 38. Bd6 Bxd6 39. exd6 Nd4 40. Kf2
Kxd6 41. Ke3 h5 42. Ke4 Ke7 43. h3 h4 44. g4 g6 45. Kd3 Kf7 46. Ke3 Kg7 47. g5
f5 48. Kf2 Kf7 49. Ke3 Ke7 50. Kf2 Kd6 51. Ke3 Nc6 52. Nd3 e5 53. fxe5+ Nxe5
54. Nf4 Nf7 55. Nxg6 Nxg5 56. Nxh4 Ke6 57. Ng2 Nxh3 58. Ne1 Ng5 59. Nd3 Ne4 60.
Kf4 Kf6 61. Ne5 Ke7 62. Kxf5 Nd2 63. Nd3 Nxb3 64. Ke5 Kd7 65. Kd5 Kc7 66. Nb2
Kd7 67. Nd3 Ke7 68. Kc6 Ke6 69. Kb5 Kd6 70. Nxc5 Nxc5 71. Kxb4 Nd3+ 72. Kc3 Ne5
73. Kb2 Kc5 74. Ka1 1/2-1/2

[Event "SF Gerresheim 1 - SK KS Iserlohn 1"]
[Site "NRW-Klasse, Gruppe 2 2012/201"]
[Date "2013.04.28"]
[Round "9.4"]
[White "Koehler, Markus"]
[Black "Klauke, Stefan"]
[Result "1-0"]
[WhiteElo "2118"]
[BlackElo "2090"]
[PlyCount "93"]
[EventDate "2013.??.??"]
[WhiteTeam "SF Gerresheim 1"]
[BlackTeam "SK KS Iserlohn 1"]

1. c4 Nc6 2. g3 e5 3. Bg2 g6 4. Nc3 Bg7 5. e4 Nge7 6. Nge2 O-O 7. O-O d6 8. Rb1
a5 9. a3 Bg4 10. h3 Be6 11. d3 Qd7 12. Kh2 Nd4 13. Nxd4 exd4 14. Ne2 c5 15. b4
axb4 16. axb4 b6 17. f4 Rab8 18. Ng1 f5 19. bxc5 bxc5 20. Rxb8 Rxb8 21. exf5
Nxf5 22. Re1 Bf7 23. Nf3 h6 24. g4 Ne7 25. Nd2 Nc6 26. Qf3 Nb4 27. f5 Nc2 28.
Re2 Ne3 29. f6 Bf8 30. Ne4 Nxg2 31. Rxg2 d5 32. cxd5 Qxd5 33. Bf4 Rb6 34. Rc2
g5 35. Bg3 Bg6 36. Rf2 Qe6 37. f7+ Qxf7 38. Qe2 Qg7 39. Qa2+ Kh7 40. Qd5 Be7
41. Be5 Qg8 42. Qd7 Qe8 43. Qa7 Bxe4 44. Qxb6 Bd5 45. Qa7 Kg8 46. Qb6 Bf8 47.
Qf6 1-0

[Event "SF Gerresheim 1 - SK KS Iserlohn 1"]
[Site "NRW-Klasse, Gruppe 2 2012/201"]
[Date "2013.04.28"]
[Round "9.5"]
[White "Franke, Thomas"]
[Black "Selten, Jan"]
[Result "1/2-1/2"]
[WhiteElo "2028"]
[BlackElo "2067"]
[PlyCount "27"]
[EventDate "2013.??.??"]
[WhiteTeam "SK KS Iserlohn 1"]
[BlackTeam "SF Gerresheim 1"]

1. e4 e6 2. d4 d5 3. Nd2 Nf6 4. e5 Nfd7 5. Bd3 c5 6. c3 Nc6 7. Ngf3 cxd4 8.
cxd4 f6 9. O-O Be7 10. Re1 O-O 11. a3 Qb6 12. Nf1 Nxd4 13. Nxd4 fxe5 14. Nf3
1/2-1/2

[Event "SF Gerresheim 1 - SK KS Iserlohn 1"]
[Site "NRW-Klasse, Gruppe 2 2012/201"]
[Date "2013.04.28"]
[Round "9.6"]
[White "Niemers, Johannes"]
[Black "Kramps, Rene"]
[Result "1-0"]
[WhiteElo "1990"]
[BlackElo "2010"]
[PlyCount "75"]
[EventDate "2013.??.??"]
[WhiteTeam "SF Gerresheim 1"]
[BlackTeam "SK KS Iserlohn 1"]

1. d4 d5 2. f4 Nf6 3. Nf3 e6 4. e3 Be7 5. Bd3 Nbd7 6. O-O c5 7. c3 Qc7 8. Ne5
O-O 9. Nd2 b6 10. Rf3 Bb7 11. Rh3 g6 12. Qf3 Rac8 13. g4 Ne8 14. Qg3 Nxe5 15.
dxe5 d4 16. exd4 cxd4 17. c4 f6 18. Qh4 Rf7 19. Bxg6 Rg7 20. Bxh7+ Kf8 21. Bd3
fxe5 22. Qh8+ Kf7 23. Qh5+ Kf8 24. fxe5 Bg5 25. Nf3 Be3+ 26. Bxe3 dxe3 27. Nd4
Ke7 28. Qh4+ Kd7 29. Rxe3 Qc5 30. Rd1 Re7 31. Bf5 Kc7 32. Bxe6 Kb8 33. Bxc8
Kxc8 34. Nf5 Rd7 35. Rxd7 Kxd7 36. e6+ Kc8 37. Qe7 Qc6 38. Qxe8+ 1-0

[Event "SF Gerresheim 1 - SK KS Iserlohn 1"]
[Site "NRW-Klasse, Gruppe 2 2012/201"]
[Date "2013.04.28"]
[Round "9.7"]
[White "Schwanbeck, Christoph"]
[Black "Sapkowski, Wieslaw"]
[Result "1-0"]
[WhiteElo "1936"]
[BlackElo "1946"]
[PlyCount "55"]
[EventDate "2013.??.??"]
[WhiteTeam "SK KS Iserlohn 1"]
[BlackTeam "SF Gerresheim 1"]

1. Nf3 d5 2. d4 Nf6 3. Bf4 e6 4. e3 Nbd7 5. Nbd2 Be7 6. Ne5 O-O 7. Bd3 c5 8. c3
Re8 9. Qf3 Nf8 10. g4 Bd6 11. g5 Bxe5 12. dxe5 N6d7 13. h4 c4 14. Bc2 b5 15. h5
Bb7 16. g6 f5 17. exf6 Nxf6 18. gxh7+ N8xh7 19. h6 Re7 20. Bg6 e5 21. Bg3 d4
22. e4 Ng5 23. Qf5 Ngxe4 24. hxg7 Nxg3 25. Bh7+ Kf7 26. Qg6+ Ke6 27. Rh6 Re8
28. fxg3 1-0